00353nam a2200133Ia 4500008004100000041000800041082001800049100001700067245005500084260002200139300000800161365001600169700003400185230718s9999 xx 000 0 und d aeng a621.3845bKRI aKrishna S.J. aMobile Corporation Ushering The Wireless Advantage c2006bICFAI Books a389 cRs.b250.00 aKrishna S.J. & Sivudu A.K.Ed.